Culture générale - Quiz #50 - Statistiques

Statistiques générales
  • Ce quiz a été pris 48 103 fois
  • Le résultat moyen est 10 sur 20
Statistiques - réponses
Question Réponse % Correct
Quel aliment Blanche-Neige a-t-elle mangé, la plongeant dans un sommeil éternel ? Pomme empoisonnée
98%
Quel est le musée le plus visité du monde ? Le Louvre
97%
Dans quel pays s'est déroulée la coupe du monde de football 2018 ? Russie
78%
Quel est le seul département français à commencer par la lettre J ? Jura
74%
Quelle est la plus grande ville du Brésil ? São Paulo
70%
Quel acteur et chanteur est l'interpète des titres "Fous ta cagoule", "Parle à ma main" ou encore "Le Frunkp" ? Michaël Youn
66%
Quel objet céleste se trouverait au centre de la Voie Lactée ? Un trou noir supermassif
62%
De quelle chanson de Jean-Jacques Goldman sont tirées les paroles "J'ai trop saigné sur les Gibson" ? Quand la musique est bonne
60%
Dans l'organisation hiérarchique de l'Église catholique, quel titre désigne le dignitaire à la tête d'un diocèse ? Evêque
52%
Avec Athos et Porthos, qui est le troisième mousquetaire ? Aramis
49%
Comment appelle-t-on le fait de mentir sous serment ? P{arjure}
48%
Quelle puissante neurotoxine est utilisée pour atténuer temporairement les rides ? Botox / Toxine botulique
47%
Quelle chanteuse américaine, surnommée "Reine de la soul" est entre autre connue pour son titre "Respect" ? Aretha Franklin
34%
Dans les aventures de Boule et Bill, comment s'appelle la tortue de la famille ? Caroline
33%
Quel nom d'animal vient des mots grecs pour "cheval" et "fleuve" ? Hippopotame
30%
Quel élément fut utilisé comme poison par des femmes de la noblesse au XVIIe siècle sous l'appellation « poudre de succession » ? Arsenic
28%
Comment appelle-t-on la personne chargée de porter les clubs et le sac d'un golfeur ? Le caddie
26%
De quel pays Hamlet était-il le prince ? Danemark
25%
Quel film américain de 1939 est le plus gros succès de l'histoire du cinéma, en tenant compte de l'inflation ? Autant en emporte le vent
16%
Quelle comédie policière a pour antagoniste un tueur en série communiste ? La Cité de la peur
16%
Aucun quiz correspondant
Distribution des résultats
% des personnes avec chaque résultat
Percentile par nombre de réponses
Votre historique - résultats
Vous n’avez pas pris ce quiz